000 00559cam a22002053a 4500
001 41890
003 PGUSA
005 20140828083938.0
008 130106s2013||||xxu|||||s|||||000 | eng d
040 _aPGUSA
_beng
042 _adc
100 1 _aFrench, Allen,
_d1870-1946
245 1 4 _aThe Barrier
_h[electronic resource] /
_cAllen French
260 _bProject Gutenberg,
_c2013
506 _aPublic domain in the USA.
516 _aElectronic text
830 0 _aProject Gutenberg
_v41890
856 4 0 _uhttp://www.gutenberg.org/ebooks/41890
942 _cEB
999 _c271142
_d271142